Marco regulatorio del derecho de autor en Colombia Complementado y actualizado segn︢ la Ley 1915 de 2018 /

Bibliographic Details
Main Author: Barreto Granada, Piedad Luca̕
Other Authors: Ortiz Lp̤ez, Carlos Alberto, Peą Melňdez, Wilson Libardo, Varn̤ Cr̀denas, Diana Alexandra
Format: eBook
Language:Spanish
Published: Medelln̕: Universidad Cooperativa de Colombia, 2020
Subjects:
Online Access:Acceso restringido

MARC

LEADER 00000nam a22000007a 4500
005 20210415230220.0
007 cr|||| ||||
008 210415s2020 co |||||s|||| 00||0 spa d
020 |a 978-958-760-248-7 
035 |a 32547 
040 |a vLex 
090 |c 11467  |d 11467 
100 1 |a Barreto Granada, Piedad Luca̕ 
245 1 0 |a Marco regulatorio del derecho de autor en Colombia  |h [Recurso electrn̤ico] :  |b Complementado y actualizado segn︢ la Ley 1915 de 2018 /  |c Piedad Luca̕ Barreto Granada, Carlos Alberto Ortiz Lp̤ez, Wilson Libardo Peą Melňdez, Diana Alexandra Varn̤ Cr̀denas 
256 |a Servicio en ln̕ea 
260 |a Medelln̕:  |b Universidad Cooperativa de Colombia,  |c 2020 
300 |a 1 recurso electrn̤ico 
500 |a El derecho de autor hace parte de aquellos sectores sujetos a una compleja condicin̤ de variabilidad marcada por nuevas creaciones y sus efectos en el mercado, por debates sobre la mercantilizacin̤ de las obras versus el valor cultural que tienen, por los efectos de un mundo globalizado, en el cual garantizar la proteccin̤ de las obras y a la vez obtener el mejor de los beneficios constituyen un reto en el que actores de diferentes disciplinas y sectores tienen interš. En este escenario, el presente libro ofrece un abordaje del derecho de autor a partir de los aspectos constitucional, civil, penal, disciplinario e internacional, y para cada una de estas miradas las referencias doctrinales, legales y jurisprudenciales son elementos bs̀icos en el ejercicio de brindar un texto completo, actualizado y, en tal sentido, una herramienta t︢il para personas de diferente formacin̤ que comprenden la importancia y naturaleza trasversal e impacto que tiene un adecuado conocimiento del marco regulatorio del derecho de autor para fortalecer los procesos de creacin̤, proteccin̤, difusin̤ y comercializacin̤ de obras. Palabras clave: derecho de autor, marco normativo, origen del derecho de autor, aspectos internacionales. 
506 1 |a Disponible solo en los productos indicados  |d vLex Global  |d vLex Global (Academic Edition, excluding Law Schools)  |d vLex Global (U.S. Academic Edition, Law Schools)  |d vLex Global (U.S. Academic Edition, excluding Law Schools)  |d vLex Global (Academic Edition, Law Schools) 
650 0 4 |a Propiedad Intelectual  |z Colombia 
700 1 |a Ortiz Lp̤ez, Carlos Alberto 
700 1 |a Peą Melňdez, Wilson Libardo 
700 1 |a Varn̤ Cr̀denas, Diana Alexandra 
740 0 |a vLex Libros (Servicio en ln̕ea) 
856 4 0 |u https://vlex.com/source/marco-regulatorio-del-derecho-de-autor-en-colombia-complementado-y-actualizado-segun-la-ley-1915-de-2018-32547  |z Acceso restringido 
942 |c BOOK 
999 0 |a Intellectual property